| 000 | 01149nas a2200313 c 4500 | ||
|---|---|---|---|
| 001 | 294615 | ||
| 003 | BLK | ||
| 005 | 20240131110918.0 | ||
| 008 | 180413b bul rap|r|||| |0| c1bulo| | ||
| 010 | _aPRD00003378000 | ||
| 022 | _aC607-3344 | ||
| 040 | _aBLK | ||
| 041 |
_aBUL _cBUL |
||
| 080 |
_aЛитература на отделни езици и езикови семейства _b821 _x-93 _z821-93 |
||
| 110 | 1 |
_aХемус _eРед. кол. : Ран Босилек и Хр. Хаджиев _9388059 |
|
| 245 | 1 | 0 |
_aДЕТСКА РАДОСТ _bИл. списание за деца и юноши _cХемус ; Ред. кол. : Ран Босилек и Хр. Хаджиев _fНачална год. на издаване: Год. 1, № 1 (1910), |
| 257 | _aBGR | ||
| 260 |
_bХемус _c1923 _fХемус |
||
| 300 | _c24 | ||
| 310 | _eсрок за съхранение: 99 | ||
| 380 | _aDX | ||
| 852 | _aА 743 | ||
| 856 |
_qpdf _u |
||
| 856 |
_qpdf _u |
||
| 942 |
_cJOU _n0 _s1 _03 |
||
| 944 |
_aCR _cМария_Кръстева _k30540 _lСевдалина Тодорова |
||
| 944 |
_aED _k15.10.2013 |
||
| 999 |
_c294615 _d294615 |
||
| 999 | _d294615 | ||